The ten commandments for today / (Record no. 13991)
[ view plain ]
| 000 -LEADER | |
|---|---|
| fixed length control field | 00442nam a2200169 4500 |
| 008 - FIXED-LENGTH DATA ELEMENTS--GENERAL INFORMATION | |
| fixed length control field | 030114s1973 us eng |
| 020 ## - INTERNATIONAL STANDARD BOOK NUMBER | |
| International Standard Book Number | 0802816665 |
| 100 1# - MAIN ENTRY--PERSONAL NAME | |
| Personal name | Barclay, William |
| 245 10 - TITLE STATEMENT | |
| Title | The ten commandments for today / |
| Statement of responsibility, etc | William Barclay. |
| 260 ## - PUBLICATION, DISTRIBUTION, ETC. (IMPRINT) | |
| Place of publication, distribution, etc | San Francisco : |
| Name of publisher, distributor, etc | Harper & Row, |
| Date of publication, distribution, etc | c1973. |
| 300 ## - PHYSICAL DESCRIPTION | |
| Extent | 205 p. |
| 336 ## - CONTENT TYPE | |
| Content Type Term | text |
| 337 ## - MEDIA TYPE | |
| Media Type Term | unmediated |
| 338 ## - CARRIER TYPE | |
| Carrier Type Term | volume |
| 650 #4 - SUBJECT ADDED ENTRY--TOPICAL TERM | |
| Topical term or geographic name as entry element | Ten commandments. |
| 942 ## - ADDED ENTRY ELEMENTS (KOHA) | |
| Source of classification or shelving scheme | Library of Congress Classification |
| Item type | Books |
| Withdrawn status | Lost status | Damaged status | Not for loan | Home library | Current library | Shelving location | Date acquired | Inventory number | Shelving control number | Total Checkouts | Full call number | Date last seen | Price effective from | Koha item type | Source of classification or shelving scheme | Source of acquisition | Barcode | Copy number |
|---|---|---|---|---|---|---|---|---|---|---|---|---|---|---|---|---|---|---|
| BSOP Library | BSOP Library | GC | 12/21/2000 | 18894 | 127 | BV4655/B23t | 02/23/2013 | 02/23/2013 | Books | |||||||||
| BSOP Library | BSOP Library | GC | 08/24/2018 | 42202 | BV 4655 B23 1973 c.2 | 08/24/2018 | 08/24/2018 | Books | Library of Congress Classification | Donation by Drs. George and Anne Harper | 00053202 | c.2 |
